|
|
|
|
| LEADER |
00000nab a2200000 a 4500 |
| 001 |
vtls000296284 |
| 003 |
SK-MaSNL |
| 005 |
20260304002210.0 |
| 008 |
160201c1986 xo 0 cze |
| 015 |
|
|
|a SNBRA19rr/mm-uuuuu
|
| 035 |
|
|
|a CL0306403
|
| 040 |
|
|
|a SNKBUCL
|b slo
|c SNKBUCL
|e AACR2
|
| 041 |
0 |
|
|a cze
|
| 044 |
|
|
|a xo
|c SK
|
| 080 |
|
|
|a 621.923-52:681.323
|2 1981
|
| 080 |
|
|
|a 681.323
|2 1981
|
| 100 |
1 |
|
|a Vyhňák, Vladimír
|4 aut
|9 958189
|
| 245 |
1 |
0 |
|a Adaptivní řízení superfinišovacích strojů s automatickou diagnostikou poruch a zálohováním funkcí řídícího systému
|c Vladimír Vyhňák
|
| 300 |
|
|
|b Graf 1.
|
| 650 |
0 |
7 |
|a stroje superfinišovacie
|2 snkbucl
|9 1270576
|
| 650 |
0 |
7 |
|a adaptívne riadiace systémy
|2 snkbucl
|9 90726
|
| 655 |
|
7 |
|a články zo zborníkov
|2 snkbucl
|9 166140
|
| 773 |
0 |
|
|t Mikroelektronika v riadení strojov a robotov
|d Bratislava : Dom techniky ČSVTS, 1986
|g S. 95-102
|
| 850 |
|
|
|a Slovenská národná knižnica v Martine
|a MTA001
|
| 852 |
|
|
|a SNK
|b KIS3GCP
|
| 958 |
|
|
|a RK
|
| 958 |
|
|
|a CZ
|
| 992 |
|
|
|a RZB
|
| 999 |
|
|
|c 2540581
|d 2542511
|